Write better speak better. (Record no. 348635)
[ view plain ]
| 000 -LEADER | |
|---|---|
| fixed length control field | 00365 a2200145 4500 |
| 020 ## - INTERNATIONAL STANDARD BOOK NUMBER | |
| International Standard Book Number | 0895770067 |
| 082 ## - DEWEY DECIMAL CLASSIFICATION NUMBER | |
| Classification number | 808.042 |
| 090 ## - LOCALLY ASSIGNED LC-TYPE CALL NUMBER (OCLC); LOCAL CALL NUMBER (RLIN) | |
| -- | 6265 |
| -- | 6265 |
| 100 ## - MAIN ENTRY--PERSONAL NAME | |
| Personal name | Digest,Reader's |
| 245 ## - TITLE STATEMENT | |
| Title | Write better speak better. |
| Statement of responsibility, etc. | Reader's Digest |
| 260 ## - PUBLICATION, DISTRIBUTION, ETC. | |
| Place of publication, distribution, etc. | Hong Kong |
| Name of publisher, distributor, etc. | China printing. |
| Date of publication, distribution, etc. | 1972. |
| 300 ## - PHYSICAL DESCRIPTION | |
| Extent | 730p. |
| 500 ## - GENERAL NOTE | |
| General note | Paper cover. |
| 942 ## - ADDED ENTRY ELEMENTS (KOHA) | |
| Institution code [OBSOLETE] | NBS |
| Koha item type | Book |
| Call number prefix | 808.042 DIG |
| Withdrawn status | Lost status | Source of classification or shelving scheme | Damaged status | Not for loan | Permanent Location | Current Location | Date acquired | Full call number | Barcode | Date last seen | Price effective from | Koha item type | Public note |
|---|---|---|---|---|---|---|---|---|---|---|---|---|---|
| Central Library (CL) | Central Library (CL) | 02/08/2021 | 808.042 DIG | NBS1407 | 02/08/2021 | 02/08/2021 | Book | Weeded Out vide e-minute no.67/2004/NIMS,Dated:23 Auguest 2004 |
